Colección oficial de leyes, reales decretos, reales órdenes, circulares y resoluciones referentes al registro de la propiedad que se han dictado desde 1º de enero de 1892 hasta 31 de diciembre de 1895 / (Record no. 122729)

MARC details
000 -LEADER
campo de control de longitud fija 00858nam a2200169 i 4500
001 - NÚMERO DE CONTROL
campo de control 122729
003 - IDENTIFICADOR DE NÚMERO DE CONTROL
campo de control ES-MaACL
005 - FECHA Y HORA DE LA ÚLTIMA TRANSACCIÓN
campo de control 20230906192031.0
007 - CAMPO FIJO DE DESCRIPCIÓN FÍSICA--INFORMACIÓN GENERAL
campo de control de longitud fija t|
008 - DATOS DE LONGITUD FIJA--INFORMACIÓN GENERAL
campo de control de longitud fija 170707s1906 sp r ||||1| spa d
245 00 - MENCIÓN DEL TÍTULO
Título Colección oficial de leyes, reales decretos, reales órdenes, circulares y resoluciones referentes al registro de la propiedad que se han dictado desde 1º de enero de 1892 hasta 31 de diciembre de 1895 /
Mención de responsabilidad, etc. formada por la Dirección General de los Registros Civil y de la Propiedad y del Notariado.
260 ## - PUBLICACIÓN, DISTRIBUCIÓN, ETC.
Lugar de publicación, distribución, etc. [S.l.] :
Nombre del editor, distribuidor, etc. [s.n.],
Fecha de publicación, distribución, etc. 1906 (
Lugar de fabricación/manufactura Madrid :
Fabricante Imp. de la Sucesora de M. Minuesa de los Ríos)
300 ## - DESCRIPCIÓN FÍSICA
Extensión XIII, 937 p. ;
Dimensiones 22 cm.
650 #4 - PUNTO DE ACCESO ADICIONAL DE MATERIA--TÉRMINO DE MATERIA
Término de materia o nombre geográfico como elemento de entrada Registro de la propiedad-
Subdivisión geográfica España.
9 (RLIN) 16759
710 2# - ENTRADA AGREGADA--NOMBRE DE ENTIDAD CORPORATIVA
Nombre de entidad corporativa o nombre de jurisdicción como elemento de entrada España.
Unidad subordinada Dirección General de los Registros Civil y de la Propiedad y del Notariado.
9 (RLIN) 159704
852 ## - LOCALIZACIÓN
Ubicación ES-MaACL
Número de control de estantería C-3225
Holdings
Estatus retirado Estado de pérdida Estado de daño No para préstamo Biblioteca de origen Biblioteca actual Ubicación en estantería Fecha de adquisición Fuente de adquisición Total de préstamos Signatura topográfica completa Código de barras Visto por última vez Precio de reemplazo Tipo de ítem Koha
        Biblioteca del Ateneo de Madrid Biblioteca del Ateneo de Madrid Sala Palomar 07/07/2017     C-3225 1197911 23/02/2023 23/02/2023 Libro impreso